<?xml version="1.0" encoding="UTF-8"?>
<record
    xmlns:xsi="http://www.w3.org/2001/XMLSchema-instance"
    xsi:schemaLocation="http://www.loc.gov/MARC21/slim http://www.loc.gov/standards/marcxml/schema/MARC21slim.xsd"
    xmlns="http://www.loc.gov/MARC21/slim">

  <leader>01291nam a22002417a 4500</leader>
  <controlfield tag="008">171202s1999        sp||||| |||| 00| 0 spa d</controlfield>
  <datafield tag="020" ind1=" " ind2=" ">
    <subfield code="a">8448220463</subfield>
  </datafield>
  <datafield tag="082" ind1="0" ind2="4">
    <subfield code="a">750</subfield>
    <subfield code="b">I91s</subfield>
  </datafield>
  <datafield tag="100" ind1="1" ind2=" ">
    <subfield code="a">Iturria, Ignacio.</subfield>
    <subfield code="9">6136</subfield>
  </datafield>
  <datafield tag="245" ind1="1" ind2="3">
    <subfield code="a">La soledad del juego /</subfield>
    <subfield code="c">Ignacio Iturria ; curadur&#xED;a por Jos&#xE9; Jim&#xE9;nez.</subfield>
  </datafield>
  <datafield tag="250" ind1=" " ind2=" ">
    <subfield code="a">1a edici&#xF3;n.</subfield>
  </datafield>
  <datafield tag="260" ind1=" " ind2=" ">
    <subfield code="a">Valencia, Espa&#xF1;a :</subfield>
    <subfield code="b">Generalitat Valenciana,</subfield>
    <subfield code="c">1999.</subfield>
  </datafield>
  <datafield tag="300" ind1=" " ind2=" ">
    <subfield code="a">232 p&#xE1;ginas :</subfield>
    <subfield code="b">ilustraciones en color.</subfield>
  </datafield>
  <datafield tag="500" ind1=" " ind2=" ">
    <subfield code="a">Cat&#xE1;logo publicado con motivo a la exposici&#xF3;n "Ignacio Iturria: la soledad del juego", presentada del 18 de febrero al 18 de marzo de 1999, en el Museo de Bellas Artes en Valencia.</subfield>
  </datafield>
  <datafield tag="505" ind1="0" ind2=" ">
    <subfield code="t">Presentaci&#xF3;n</subfield>
    <subfield code="r">Eduardo Zaplana.</subfield>
    <subfield code="t">Presentaci&#xF3;n</subfield>
    <subfield code="r">Juan Villalonga.</subfield>
    <subfield code="t">Presentaci&#xF3;n</subfield>
    <subfield code="r">Manuel Tarac&#xF3;n Fandos.</subfield>
    <subfield code="t">Presentaci&#xF3;n</subfield>
    <subfield code="r">Roberto Vel&#xE1;zquez.</subfield>
    <subfield code="t">Presentaci&#xF3;n</subfield>
    <subfield code="r">Consuelo C&#xED;scar.</subfield>
    <subfield code="t">La soledad del juego</subfield>
    <subfield code="r">Jos&#xE9; Jim&#xE9;nez.</subfield>
    <subfield code="t">La nostalgia de los or&#xED;genes</subfield>
    <subfield code="r">&#xC1;ngel Kalenberg.</subfield>
    <subfield code="t">Claro honor del l&#xED;quido elemento</subfield>
    <subfield code="r">Remo Guidieri.</subfield>
    <subfield code="t">Vivir en compa&#xF1;&#xED;a: a prop&#xF3;sito de la obra de Ignacio Iturria </subfield>
    <subfield code="r">Hugo Achugar.</subfield>
  </datafield>
  <datafield tag="653" ind1="1" ind2="0">
    <subfield code="a">Arte contempor&#xE1;neo</subfield>
  </datafield>
  <datafield tag="653" ind1="1" ind2="0">
    <subfield code="a">Cat&#xE1;logo de exhibici&#xF3;n </subfield>
  </datafield>
  <datafield tag="653" ind1="1" ind2="0">
    <subfield code="a">Exhibiciones</subfield>
  </datafield>
  <datafield tag="653" ind1="1" ind2="0">
    <subfield code="a">Arte - Uruguay</subfield>
  </datafield>
  <datafield tag="653" ind1="1" ind2="0">
    <subfield code="a">Pintura</subfield>
  </datafield>
  <datafield tag="653" ind1="1" ind2="0">
    <subfield code="a">Pintores</subfield>
  </datafield>
  <datafield tag="700" ind1="1" ind2=" ">
    <subfield code="a">Jim&#xE9;nez, Jos&#xE9;.</subfield>
    <subfield code="e">curador.</subfield>
    <subfield code="9">6137</subfield>
  </datafield>
  <datafield tag="999" ind1=" " ind2=" ">
    <subfield code="c">1384</subfield>
    <subfield code="d">1384</subfield>
  </datafield>
  <datafield tag="952" ind1=" " ind2=" ">
    <subfield code="0">0</subfield>
    <subfield code="1">0</subfield>
    <subfield code="2">ddc</subfield>
    <subfield code="4">0</subfield>
    <subfield code="7">0</subfield>
    <subfield code="a">LV</subfield>
    <subfield code="b">LV</subfield>
    <subfield code="c">Monograf&#xED;as</subfield>
    <subfield code="d">2017-12-02</subfield>
    <subfield code="l">0</subfield>
    <subfield code="o">750 I91s</subfield>
    <subfield code="p">000852</subfield>
    <subfield code="r">2017-12-02 00:00:00</subfield>
    <subfield code="w">2017-12-02</subfield>
    <subfield code="y">01</subfield>
  </datafield>
</record>
